[Event "CHI-ch"]
[Site "Vina del Mar"]
[Date "1997.??.??"]
[Round "6"]
[White "Lobos, Miguel"]
[Black "Carmona, Jose Luis"]
[Result "1/2-1/2"]
[WhiteElo "2075"]
[BlackElo "2165"]

1.c4 e6 2.Nf3 d5 3.d4 Nf6 4.Bg5 Nbd7 5.Nc3 Be7 6.e3 O-O 7.cxd5 exd5 8.Be2 c6
9.O-O Ne4 10.Bxe7 Qxe7 11.Nxe4 dxe4 12.Nd2 Nf6 13.Qc2 Bf5 14.Rac1 Rad8 15.a3 Nd5
16.Nc4 Rfe8 17.Qd2 Qg5 18.Kh1 Re6 19.f4 exf3 20.Rxf3 Rh6 21.Bd3  1/2-1/2

[Event "CRO-ch06"]
[Site "Pula"]
[Date "1998.01.12"]
[Round "4"]
[White "Dizdar, Goran"]
[Black "Franic, Milan"]
[Result "1-0"]
[WhiteElo "2530"]
[BlackElo "2430"]

1.Nf3 e6 2.c4 d5 3.g3 c5 4.Bg2 Nf6 5.O-O Nc6 6.d4 Be7 7.dxc5 Bxc5 8.a3 dxc4
9.Qa4 O-O 10.Qxc4 Bb6 11.Nc3 Qe7 12.Bg5 h6 13.Bh4 Qc5 14.Qxc5 Bxc5 15.Bxf6 gxf6
16.Rfd1 Be7 17.Nd4 Nxd4 18.Rxd4 Rb8 19.Nb5 a5 20.Rc1 f5 21.Rd2 Bg5 22.e3 b6
23.Na7 Ba6 24.b4 axb4 25.axb4 Bb7 26.Rd7 Bxg2 27.Kxg2 Rfd8 28.Rcc7 Rxd7 29.Rxd7 b5
30.Nc6 Rc8 31.Nd4 Rc4 32.h4 Bf6 33.Nxb5 Be5 34.Nd4 Bf6 35.Nb5 Be5 36.Na7 Rxb4
37.Nc6 Rb5 38.Nd8 Rd5 39.Rxd5 exd5 40.Nc6 Bd6 41.Nd4 f4 42.gxf4 Bf8 43.Nf5 f6
44.Kf3 Kf7 45.Kg4 Kg6 46.h5+ Kf7 47.Nd4 Bc5 48.Kf5 Bb4 49.Nf3 Bc5 50.Ne1 Bb4
51.Nc2 Bd2 52.Nd4 Be1 53.f3 Bc3 54.Nc6 Kg7 55.Ke6 Bd2 56.Ne7 d4 57.exd4  1-0

[Event "Ubeda op"]
[Site "Ubeda"]
[Date "1998.01.21"]
[Round "2"]
[White "Vera, Reynaldo"]
[Black "Estrada Nieto, Julian"]
[Result "1-0"]
[WhiteElo "2535"]
[BlackElo "2395"]

1.c4 e6 2.Nf3 d5 3.b3 Nf6 4.Bb2 Be7 5.e3 c5 6.cxd5 exd5 7.Bb5+ Nbd7 8.O-O O-O
9.d4 b6 10.dxc5 bxc5 11.Nc3 Bb7 12.Rc1 Rc8 13.Qe2 Qb6 14.Rc2 Qe6 15.Rfc1 a6
16.Bxd7 Nxd7 17.Ba3 Bc6 18.Qd1 Rfd8 19.Ne2 Bd6 20.Ned4 cxd4 21.Nxd4 Bxh2+
22.Kxh2 Qh6+ 23.Kg1 Nb8 24.Nf5  1-0

[Event "Anibal op 5th"]
[Site "Linares"]
[Date "1998.01.22"]
[Round "3"]
[White "Jimenez Villena, Francisco J"]
[Black "Russek, Guil"]
[Result "0-1"]
[WhiteElo "2245"]
[BlackElo "2425"]

1.Nf3 e6 2.c4 d5 3.d4 c5 4.e3 Nf6 5.Nc3 a6 6.cxd5 exd5 7.Be2 Nc6 8.O-O Bd6
9.dxc5 Bxc5 10.b3 O-O 11.Bb2 Ba7 12.Rc1 Re8 13.Qd3 Be6 14.Rfd1 Qe7 15.Ng5 Rad8
16.Nxe6 Qxe6 17.Bf3 d4 18.Bxc6 bxc6 19.exd4 Rxd4 20.Qxa6 Rxd1+ 21.Nxd1 Qe1+
22.Qf1 Qd2 23.Rxc6 Re1 24.Rc8+ Ne8 25.Rxe8+ Rxe8 26.Bc3 Qxa2 27.Qc4 Qe2 28.Qg4  0-1

[Event "Ubeda op"]
[Site "Ubeda"]
[Date "1998.01.28"]
[Round "9"]
[White "Aronian, Levon"]
[Black "Giorgadze, Giorgi"]
[Result "1/2-1/2"]
[WhiteElo "2455"]
[BlackElo "2605"]

1.c4 e6 2.Nf3 d5 3.g3 g6 4.Bg2 Bg7 5.O-O Ne7 6.d4 Nbc6 7.e3 O-O 8.Nc3 a5
9.Re1 b6 10.cxd5 exd5 11.a3 Bb7 12.Rb1 Nb8 13.b4 axb4 14.axb4 c6 15.b5 c5
16.Qb3 Nd7 17.Ba3 Re8 18.Red1 c4 19.Qb2 Nf5 20.Nd2 Rc8 21.Nxd5 Bxd5 22.Bxd5 Ne5
23.dxe5 Qxd5 24.e4 Qa8  1/2-1/2

[Event "Europe vs Americas"]
[Site "Mermaid Beach"]
[Date "1998.02.03"]
[Round "9"]
[White "Fridman, Daniel"]
[Black "Ippolito, Dean"]
[Result "1-0"]
[WhiteElo "2520"]
[BlackElo "2435"]

1.c4 e6 2.Nf3 d5 3.d4 Nf6 4.Nc3 c6 5.Bg5 h6 6.Bxf6 Qxf6 7.Qc2 Nd7 8.e4 dxe4
9.Qxe4 Qd8 10.Bd3 Be7 11.O-O-O Nf6 12.Qe2 Qc7 13.Ne5 b6 14.Rhe1 Bb4 15.Qc2 Bb7
16.a3 Bxc3 17.Qxc3 c5 18.dxc5 bxc5 19.Bc2 O-O 20.g4 Rfd8 21.Qe3 Nd7 22.Nxf7 Kxf7
23.Qxe6+ Kf8 24.Qe7+ Kg8 25.Rd6 Re8 26.Qxe8+ Rxe8 27.Rxe8+ Nf8 28.Rdd8 Qf4+
29.Kb1 Qxf2 30.Bf5 Be4+ 31.Bxe4 Qf1+ 32.Kc2 Qxc4+ 33.Kd2 Kf7 34.Bd5+ Qxd5+
35.Rxd5 Kxe8 36.Rxc5 Ke7 37.Ra5  1-0

[Event "Novak Nikolic mem 1st"]
[Site "Belgrade"]
[Date "1998.02.06"]
[Round "1"]
[White "Cvetkovic, Srdjan"]
[Black "Popchev, Milko"]
[Result "1/2-1/2"]
[WhiteElo "2430"]
[BlackElo "2455"]

1.c4 e6 2.Nf3 d5 3.d4 c6 4.Qc2 Nf6 5.g3 Be7 6.Bg2 O-O 7.O-O b6 8.Nbd2 Bb7
9.b3 Nbd7 10.Bb2 a5 11.Rfd1 Qb8 12.e4 a4 13.e5 Ne8 14.cxd5 cxd5 15.bxa4 Nc7
16.Rdc1 Rc8 17.Bf1 Qa7 18.Bd3 g6 19.Qxc7 Rxc7 20.Rxc7 Qxa4 21.Bc2 Qb5 22.Rb1 Bd8
23.Rxb7 Qc6 24.Rxd7 Qxd7 25.Bb3 Be7 26.Kg2 Rc8 27.h4 Qa7 28.Nf1 Ba3 29.Bxa3 Qxa3
30.Ne3 Kg7  1/2-1/2

[Event "CZE-chT 9798"]
[Site "CZE"]
[Date "1998.02.08"]
[Round "7"]
[White "Tichy, Vladimir"]
[Black "Jirovsky, Milos"]
[Result "0-1"]
[WhiteElo "2335"]
[BlackElo "2435"]

1.c4 e6 2.Nf3 d5 3.d4 Nf6 4.Bg5 Nbd7 5.cxd5 exd5 6.Nc3 Bb4 7.e3 c5 8.Be2 Qa5
9.O-O Bxc3 10.bxc3 c4 11.Bxf6 Nxf6 12.Qc2 g6 13.Nd2 Bf5 14.Qb2 O-O 15.f3 Qc7
16.g4 Bd7 17.g5 Ne8 18.f4 f6 19.gxf6 Nxf6 20.Nf3 b5 21.Ne5 Rab8 22.Bf3 Bh3
23.Rfe1 a5 24.a3 Bf5 25.Qg2 Qd6 26.h4 Rb7 27.a4 Rfb8 28.axb5 Rxb5 29.h5 Rb2
30.Re2 Rb1+ 31.Rxb1 Rxb1+ 32.Kh2 Ne4 33.Rb2 Nxc3 34.hxg6 hxg6 35.Rxb1 Bxb1
36.Qh3 Bf5 37.Bg4 Qe6  0-1

[Event "Novak Nikolic mem 1st"]
[Site "Belgrade"]
[Date "1998.02.15"]
[Round "10"]
[White "Cvetkovic, Srdjan"]
[Black "Cabrilo, Goran"]
[Result "1/2-1/2"]
[WhiteElo "2430"]
[BlackElo "2490"]

1.c4 e6 2.Nf3 d5 3.d4 Nf6 4.Nc3 Be7 5.Bg5 O-O 6.e3 Nbd7 7.Rc1 c6 8.Bd3 dxc4
9.Bxc4 Nd5 10.Bxe7 Qxe7 11.O-O Nxc3  1/2-1/2

[Event "CZE-chT 9798"]
[Site "CZE"]
[Date "1998.03.08"]
[Round "9"]
[White "Jurek, Josef"]
[Black "Matlak, Marek"]
[Result "1/2-1/2"]
[WhiteElo "2395"]
[BlackElo "2430"]

1.c4 e6 2.Nf3 d5 3.d4 c6 4.Qc2 Nf6 5.Bg5 Nbd7 6.e3 Be7 7.Nc3 O-O 8.Rd1 h6
9.Bh4 b6 10.Be2 Ba6 11.cxd5 Bxe2 12.Qxe2 cxd5 13.O-O Ne4 14.Bxe7 Nxc3 15.bxc3 Qxe7
16.c4 Nf6 17.Rc1  1/2-1/2

[Event "New York op"]
[Site "New York"]
[Date "1998.03.17"]
[Round "4"]
[White "Gulko, Boris F"]
[Black "Filippov, Valerij"]
[Result "1/2-1/2"]
[WhiteElo "2585"]
[BlackElo "2595"]

1.c4 e6 2.Nf3 d5 3.d4 Nf6 4.e3 a6 5.Nc3 c5 6.cxd5 exd5 7.Be2 Nc6 8.O-O Bd6
9.dxc5 Bxc5 10.b3 O-O 11.Bb2 Ba7 12.Na4 Ne4 13.Rc1 Qd6 14.Nc3  1/2-1/2

[Event "Vorarlberg-ch qual"]
[Site "Hohenems"]
[Date "1998.03.20"]
[Round "1"]
[White "Heilinger, Dietmar"]
[Black "Maier, Peter"]
[Result "0-1"]
[WhiteElo "2081"]
[BlackElo "2042"]

1.c4 e6 2.Nf3 d5 3.d4 Nf6 4.Nbd2 c5 5.cxd5 exd5 6.e3 c4 7.Be2 Nc6 8.O-O Bd6
9.Qc2 Nb4 10.Qb1 g6 11.e4 dxe4 12.Nxe4 Bf5 13.Nxf6+ Qxf6 14.Bg5 Qe6 15.Qd1 O-O
16.a3 Nd3 17.Nh4 Nxb2 18.Qc1 Nd3 19.Qc2 Nf4 20.Nxf5 Nxe2+ 21.Qxe2 Qxe2 22.Nxd6 f6
23.Rfe1 Qb2 24.Bh6 Rfd8 25.Nxc4 Qxd4 26.Rac1 Rac8 27.Be3 Qg4 28.Nd2 Rxc1
29.Rxc1 Qe2 30.Nf1 Rd1 31.Rc8+ Kg7 32.Rc7+ Kf8  0-1

[Event "FRA-chT"]
[Site "FRA"]
[Date "1998.04.05"]
[Round "7"]
[White "Kosten, Anthony C"]
[Black "Conquest, Stuart"]
[Result "1/2-1/2"]
[WhiteElo "2535"]
[BlackElo "2480"]

1.c4 e6 2.Nf3 d5 3.d4 c6 4.e3 Bd6 5.Bd3 f5 6.Qc2 Nh6 7.Nc3 O-O 8.h3 Nd7 9.Bd2 Qe7
10.O-O-O Kh8 11.Ne2 dxc4 12.Bxc4 b5 13.Bd3 Bb7 14.e4 c5 15.e5 c4 16.exd6 Qxd6
17.Bxh6 cxd3 18.Qxd3 gxh6 19.d5 Bxd5 20.Nc3 Nf6 21.Nxd5 Nxd5 22.Rhe1 Kg8
23.Nd4 Nc7 24.Kb1 Rad8 25.Qb3 Qf4 26.g3 Qg5 27.Nxe6 Nxe6 28.Qxe6+ Kh8 29.Qe5+ Qg7
30.Rxd8 Rxd8 31.Qxb5 Qg6 32.Qe5+ Kg8 33.f4 h5 34.a3 Qf7 35.g4 hxg4 36.hxg4 fxg4
37.f5 Rd5 38.Qb8+ Kg7 39.f6+ Kxf6 40.Qf4+ Kg7 41.Qxg4+ Qg6+ 42.Qxg6+ Kxg6
43.Re6+ Kg5 44.Re7 h5 45.Rxa7 h4 46.b4 h3 47.Rh7 Kg4 48.Kc2 Rh5 49.Rg7+ Kh4
50.Rg1 h2 51.Rh1 Kg3 52.Kd3 Kg2 53.Rxh2+ Rxh2 54.Kd4 Kf3 55.b5 Rd2+ 56.Kc5 Ke4
57.b6 Rc2+ 58.Kd6 Rd2+ 59.Kc7 Rc2+ 60.Kd6 Rb2  1/2-1/2

[Event "AUT-ch U18"]
[Site "Koestendorf"]
[Date "1998.04.05"]
[Round "2.8"]
[White "Spirk, Stefan"]
[Black "Brehovsky, Paul"]
[Result "1-0"]
[WhiteElo "1957"]
[BlackElo "1547"]

1.c4 e6 2.Nf3 d5 3.b3 Nf6 4.Bb2 c5 5.g3 Nbd7 6.Bg2 Be7 7.O-O O-O 8.d3 b6
9.Nbd2 Bb7 10.Qc2 Qc7 11.e4 dxe4 12.dxe4 Rad8 13.h3 Rc8 14.e5 Ne8 15.Rfe1 Qb8
16.Rad1 Nc7 17.Ne4 h6 18.Rxd7 Rfe8 19.Nd6 Bc6 20.Rxe7 Rxe7 21.Nxc8 Qxc8 22.Nd2 Bxg2
23.Kxg2 Rd7 24.Ne4 Qd8 25.Re2 Na6 26.a3 Nb8 27.Rd2 Rxd2 28.Qxd2 Qxd2 29.Nxd2 Nc6
30.f4 Kf8 31.Kf3  1-0

[Event "St Petersburg-ch"]
[Site "St Petersburg"]
[Date "1998.04.09"]
[Round "3"]
[White "Biriukov, Oleg V"]
[Black "Shaposhnikov, Evgeny"]
[Result "1/2-1/2"]
[WhiteElo "2390"]
[BlackElo "2415"]

1.Nf3 e6 2.c4 d5 3.d4 c5 4.cxd5 exd5 5.g3 Nc6 6.Bg2 Nf6 7.O-O Be7 8.Nc3 O-O
9.Bg5 cxd4 10.Nxd4 h6 11.Be3 Re8 12.Rc1 Na5 13.Ncb5 Nc4 14.Bf4 g5 15.Bc7 Qd7
16.b3 Na3 17.Qd3 Nxb5 18.Qxb5 Qxb5 19.Nxb5 Bd7 20.a4 a6 21.Nd6 Bxd6 22.Bxd6 Rxe2
23.Rfd1 Bc6 24.Bf1 Re6 25.Bc5 Ne4 26.Bd4 g4 27.h3 h5 28.h4 Ree8 29.Bg2 Rac8
30.Bb2 f5  1/2-1/2

[Event "Neckar op 2nd"]
[Site "Deizisau"]
[Date "1998.04.10"]
[Round "6"]
[White "Zeller, Frank"]
[Black "Huber, Armin"]
[Result "0-1"]
[WhiteElo "2455"]
[BlackElo "2330"]

1.c4 e6 2.Nf3 d5 3.d4 c6 4.Nbd2 Nf6 5.e3 Nbd7 6.Bd3 Bd6 7.O-O O-O 8.e4 dxe4
9.Nxe4 Nxe4 10.Bxe4 c5 11.b3 Nf6 12.Bc2 b6 13.Bb2 Bb7 14.Re1 Bxf3 15.Qxf3 cxd4
16.Qh3 g6 17.Kh1 e5 18.f4 Re8 19.Rad1 Rb8 20.Qf3 exf4 21.Bxd4 Rxe1+ 22.Rxe1 Nh5
23.Be4 Bc5 24.Bxc5 bxc5 25.Qf2 Qc7 26.Bd5 Nf6 27.Rf1 Re8 28.Kg1 Nxd5 29.cxd5 Re4
30.Rc1 Qe5 31.h3 Rd4 32.Qe1 Qxd5 33.Qe8+ Kg7 34.Re1 Rd1 35.Rxd1 Qxd1+ 36.Kh2 Qd6
37.Kh1 Qe6 38.Qa8 Qe1+ 39.Kh2 Qg3+ 40.Kh1 f3 41.gxf3 Qxh3+ 42.Kg1 Qg3+ 43.Kh1 h5
44.Qd5 h4 45.Qxc5 Qxf3+ 46.Kh2 Qg3+ 47.Kh1 h3 48.Qd4+ Kh7 49.Qd5 Qg2+ 50.Qxg2 hxg2+
51.Kxg2 Kg7 52.Kf3 Kf6 53.Ke4 Ke6 54.b4 f5+ 55.Kd4 Kd6 56.a4 g5 57.b5 g4
58.a5 g3 59.Ke3 f4+ 60.Kf3 Kc5  0-1

[Event "Neckar op 2nd"]
[Site "Deizisau"]
[Date "1998.04.12"]
[Round "8"]
[White "Boehm, Martin"]
[Black "Haba, Petr"]
[Result "1-0"]
[WhiteElo "2285"]
[BlackElo "2570"]

1.c4 e6 2.Nf3 d5 3.g3 Nf6 4.Bg2 Be7 5.O-O O-O 6.d4 c6 7.Nbd2 b6 8.Qc2 Bb7
9.Rd1 Nbd7 10.e4 Rc8 11.e5 Ne8 12.cxd5 cxd5 13.Qb1 Nc7 14.Nf1 Bc6 15.Bd2 Nb8
16.h4 Ba4 17.Rc1 Qd7 18.N1h2 Nca6 19.h5 Rxc1+ 20.Qxc1 Rc8 21.Bc3 b5 22.a3 Nc7
23.Bf1 Ne8 24.Bd3 a5 25.Qb1 h6 26.Bxa5 b4 27.Bxb4 Bxb4 28.axb4 Bb5 29.g4 Bxd3
30.Qxd3 Nc6 31.g5 hxg5 32.Nxg5 f5 33.exf6 Nxf6 34.b5 Nb4 35.Qg6 Nc2 36.Rd1 Qe8
37.Nhf3 Nb4 38.Ra1 Qxg6 39.hxg6 Nh5 40.Ra4 Nd3 41.b6  1-0

[Event "Dreifluesse op"]
[Site "Passau"]
[Date "1998.04.12"]
[Round "6"]
[White "Becker, Hartmuth"]
[Black "Hamm, Stefan"]
[Result "1/2-1/2"]
[WhiteElo "2135"]
[BlackElo "2260"]

1.c4 e6 2.Nf3 d5 3.b3 Nf6 4.Bb2 Be7 5.g3 O-O 6.Bg2 b6 7.O-O Bb7 8.d3 c5 9.Ne5 Qc7
10.cxd5 Bxd5 11.Nd2 Bxg2 12.Kxg2 Nc6 13.Ndf3 Rfd8 14.Nxc6 Qxc6 15.Qc2 Rac8
16.Rac1 Nd5 17.Kg1 Bf6 18.Bxf6  1/2-1/2

[Event "Budapest FS04 GM"]
[Site "Budapest"]
[Date "1998.04.14"]
[Round "11"]
[White "Bunzmann, Dimitrij"]
[Black "Estrada Nieto, Julian"]
[Result "0-1"]
[WhiteElo "2390"]
[BlackElo "2395"]

1.c4 e6 2.Nf3 d5 3.b3 Nf6 4.g3 Be7 5.Bg2 c5 6.O-O Nc6 7.Bb2 d4 8.d3 O-O 9.Na3 e5
10.Nc2 Re8 11.e3 Bf8 12.exd4 cxd4 13.a3 a5 14.Rb1 Bf5 15.Re1 Bc5 16.b4 axb4
17.axb4 Bxb4 18.Nxb4 Nxb4 19.Nxe5 Qd6 20.Qb3 Rxe5 21.Rxe5 Qxe5 22.Qxb4 Bxd3
23.Rd1 Qe2 24.Re1 Ra4 25.Qe7 Qxe7 26.Rxe7 Rxc4 27.Bd5 Rb4 28.Ba3 Rb1+ 29.Kg2 Bg6
30.Bf3 b5 31.Bc5 d3 32.Be3 h5 33.h3 b4 34.g4 hxg4 35.hxg4 b3 36.g5 b2 37.Rb7 Ne4
38.Bd4 d2  0-1

[Event "Boca Juniors op"]
[Site "Buenos Aires"]
[Date "1998.05.16"]
[Round "9"]
[White "Giardelli, Sergio C"]
[Black "Soppe, Guillermo"]
[Result "0-1"]
[WhiteElo "2440"]
[BlackElo "2455"]

1.c4 e6 2.Nf3 d5 3.g3 Nf6 4.Bg2 Be7 5.b3 O-O 6.Bb2 c5 7.e3 Nc6 8.Qe2 b6 9.O-O Bb7
10.Rd1 dxc4 11.bxc4 Rc8 12.Nc3 Na5 13.d3 a6 14.Ne1 Bxg2 15.Nxg2 Ne8 16.f4 Nd6
17.a4 Rb8 18.g4 Re8 19.f5 Bf6 20.fxe6 Rxe6 21.Nd5 Bxb2 22.Qxb2 Nc6 23.Ngf4 Rh6
24.Kh1 Qg5 25.Rg1 Ne5 26.Rg3 Nf5 27.Rg2 Nxe3 28.Nxe3 Qxf4 29.Nf5 Re6 30.Rg3 Rbe8
31.Qc3 f6 32.Rag1 Nf3 33.Qc1 Re2  0-1

[Event "Villa Martelli"]
[Site "Villa Martelli"]
[Date "1998.05.19"]
[Round "1"]
[White "Rojas, Luis"]
[Black "Scarella, Enrique"]
[Result "1/2-1/2"]
[WhiteElo "2455"]
[BlackElo "2380"]

1.c4 e6 2.Nf3 d5 3.g3 Nf6 4.Bg2 Be7 5.O-O O-O 6.b3 c5 7.Bb2 Nc6 8.e3 b6 9.Nc3 Bb7
10.Qe2 Rc8 11.Rfd1 dxc4 12.bxc4 Qc7 13.d3 Rfd8 14.e4 a6 15.Bc1 Nd4 16.Qb2 Nd7
17.Nxd4 cxd4 18.Ne2 Nc5 19.Rb1 b5 20.Qc2 Bc6 21.Ba3 bxc4 22.Bxc5 cxd3 23.Qxd3 Bxc5
24.Qxa6 Qa7 25.Qc4 d3 26.Rxd3 Bd5 27.Qb5 Rb8 28.exd5 Rxb5 29.Rxb5 Bxf2+ 30.Kf1 Bc5
31.a4 Rb8 32.Rdb3 Rxb5 33.Rxb5 Bf8 34.dxe6 fxe6 35.a5 Qa6 36.Re5 Qd6 37.Rb5 Qd3
38.Bc6 Qc4 39.Bd7 g5  1/2-1/2

[Event "CZE-ch"]
[Site "Zlin"]
[Date "1998.06.19"]
[Round "7"]
[White "Vokac, Marek"]
[Black "Pisk, Petr"]
[Result "1-0"]
[WhiteElo "2510"]
[BlackElo "2310"]

1.c4 e6 2.Nf3 d5 3.b3 Nf6 4.Bb2 c6 5.g3 Nbd7 6.Bg2 Bd6 7.d4 Ne4 8.O-O O-O
9.Nbd2 f5 10.Ne5 Qg5 11.f4 Qe7 12.Nxe4 fxe4 13.Nxd7 Bxd7 14.e3 b5 15.a4 bxc4
16.bxc4 Rfb8 17.Bc3 Bb4 18.Bb2 a5 19.Rf2 Bc8 20.Rc2 Bd6 21.Bf1 Rb3 22.Bc1 Qb7
23.Raa2 Rb8 24.Rcb2 Bd7 25.c5 Bc7 26.Rxb3 Qxb3 27.Qxb3 Rxb3 28.Rb2 Rxb2 29.Bxb2 Bc8
30.Bc3 g6 31.Be2 h5 32.Be1 Bd8 33.g4 hxg4 34.Bxg4 Kf7 35.Be2 Kg7 36.Kg2 Kf7
37.h4 Kg7 38.h5 Kh6 39.hxg6 Kxg6 40.Bg4 Kf7 41.Bh5+ Kf8 42.Be2 Kg7 43.Bg3 Kg6
44.Bg4 Bd7 45.Kh3 Bc8 46.Be1 Kf7 47.Bh5+ Kf8 48.Be2 Kf7 49.Bf2 Kg6 50.Bg3 Be7
51.Bg4 Bd7 52.Kg2 Bd8 53.Kf2 Bc8 54.Ke1 Bd7 55.Kd2 Bc8 56.Be2 Kh6 57.Bf1 Kg6
58.Bh3 Kh6 59.Ke1 Kg6 60.Kf2 Kf7 61.Bg4 Ba6 62.Bh5+ Ke7 63.Bh4+ Kd7 64.Bg5 Bc4
65.Bd1 Bc7 66.Kg3 Bd3 67.Kg4 Bf1 68.Bf6 Bd8 69.Kg5 Bc7 70.Kg6 Bh3 71.Kf7 Bd8
72.Bg5 Bc7 73.Kf8 Kc8 74.Bh5 Bf1 75.Bg4 Bd3 76.Bxe6+ Kb7 77.f5 Bc2 78.Kg7 Bxa4
79.f6  1-0

[Event "Smith & Williamson"]
[Site "Witley"]
[Date "1998.07.20"]
[Round "2"]
[White "Taylor, Martin"]
[Black "Kieran, Rosalind"]
[Result "1-0"]
[WhiteElo "2130"]
[BlackElo "2025"]

1.c4 e6 2.Nf3 d5 3.b3 Nf6 4.g3 Be7 5.Bb2 O-O 6.Bg2 Nbd7 7.O-O Re8 8.d3 Nf8
9.Qc2 Ng6 10.e4 c5 11.cxd5 exd5 12.Nc3 Rb8 13.e5 Ng4 14.h3 N4xe5 15.Nxe5 Nxe5
16.Nxd5 Bd6 17.Qc3 Bf8 18.Rfe1 Ng6 19.Rxe8 Qxe8 20.h4 f6 21.h5 Ne5 22.h6 Qf7
23.hxg7 Bxg7 24.Nf4 Qe7 25.Bd5+ Kh8 26.Kg2 Bf5 27.Rh1 Rd8 28.Rh5 Bxd3 29.Qxd3  1-0

[Event "Smith & Williamson"]
[Site "Witley"]
[Date "1998.07.21"]
[Round "4"]
[White "Taylor, Martin"]
[Black "Stockham, Jay"]
[Result "1-0"]
[WhiteElo "2130"]
[BlackElo "1856"]

1.c4 e6 2.Nf3 d5 3.b3 Nf6 4.g3 Be7 5.Bb2 O-O 6.Bg2 Nbd7 7.O-O Re8 8.d3 Rb8
9.Qc2 b6 10.e4 Bb7 11.cxd5 exd5 12.e5 Ng4 13.h3 Nh6 14.d4 g6 15.Nc3 Nf5 16.Rad1 c6
17.Ne2 Nf8 18.Qd2 Ne6 19.g4 Nfg7 20.Ng3 Rc8 21.b4 Rc7 22.Rc1 Ba6 23.Rfd1 Bb5
24.Bf1 Bxf1 25.Kxf1 Bg5 26.Nxg5 Qxg5 27.Qxg5 Nxg5 28.Kg2 N7e6 29.Ne2 h6 30.h4 Nh7
31.f4 Rec8 32.f5 Ng7 33.Ng3 Ra8 34.Kf3 Rac8 35.Rc2 Nf8 36.Bc1 Kh7 37.Bf4 a5
38.e6 Ra7 39.e7 Nd7 40.bxa5 Rxa5 41.Be5 Ne8 42.g5 h5 43.f6 Kg8 44.Bf4 Ra3+  1-0

[Event "Saitek US Masters"]
[Site "Hawaii"]
[Date "1998.07.23"]
[Round "3"]
[White "Chernin, Oliver"]
[Black "Kahane, Gabe"]
[Result "1/2-1/2"]
[WhiteElo "2240"]
[BlackElo "2100"]

1.c4 e6 2.Nf3 d5 3.g3 c5 4.Bg2 Nc6 5.O-O Nf6 6.cxd5 exd5 7.d4 Be7 8.Nc3 O-O
9.b3 Ne4 10.Bb2 Bf6 11.e3 Bg4 12.Ne2 cxd4 13.Nexd4 Ne5 14.Rb1 Ng5 15.Ba3 Re8
16.h4 Ngxf3+ 17.Nxf3 Bxh4 18.Bb2 Bf6 19.Bxe5 Rxe5 20.Qd2 Rh5 21.Nh2 Bh3 22.Bf3 Bxf1
23.Bxh5 Bb5 24.Bf3 d4 25.exd4 Qxd4 26.Qxd4 Bxd4 27.Bxb7  1/2-1/2

[Event "Smith & Williamson"]
[Site "Witley"]
[Date "1998.07.23"]
[Round "8"]
[White "Taylor, Martin"]
[Black "Sarkar, Justin"]
[Result "0-1"]
[WhiteElo "2130"]
[BlackElo "2195"]

1.c4 e6 2.Nf3 d5 3.b3 Be7 4.Bb2 Bf6 5.Nc3 dxc4 6.bxc4 c5 7.g3 Nc6 8.Bg2 Nge7
9.O-O O-O 10.d3 Qa5 11.Qd2 Rd8 12.Rfd1 Bd7 13.Ng5 Nf5 14.Nge4 Be7 15.Rab1 Be8
16.Ba1 b6 17.Qb2 Bf8 18.Nb5 Rac8 19.h4 Nfd4 20.e3 Nf5 21.h5 e5 22.Qe2 f6
23.Nxf6+ gxf6 24.Qg4+ Ng7 25.h6 Bh5 26.Qh4 Bxd1 27.Rxd1 Ne8 28.Nc3 Ne7 29.Bh3 Rc6
30.Bg2 Ng6 31.Qh3 Rcd6 32.Bd5+ Kh8 33.Ne4 Qa4 34.Rd2 Rxd5 35.cxd5 Qd7 36.Qh5 Qxd5
37.Qf5 Ne7 38.Qh5 Qe6 39.g4 Ng6 40.g5 f5 41.Ng3 Nd6  0-1

[Event "Saitek US Masters"]
[Site "Hawaii"]
[Date "1998.07.25"]
[Round "5"]
[White "Chernin, Oliver"]
[Black "Schiller, Eric"]
[Result "0-1"]
[WhiteElo "2240"]
[BlackElo "2190"]

1.c4 e6 2.Nf3 d5 3.b3 c6 4.g3 f5 5.Bg2 Nf6 6.O-O Bd6 7.d4 Qe7 8.Nbd2 Nbd7
9.Bb2 Ne4 10.Ne5 O-O 11.e3 Nxd2 12.Qxd2 Nf6 13.Rac1 Bd7 14.c5 Bxe5 15.dxe5 Ng4
16.Bd4 Be8 17.b4 h5 18.f3 Nh6 19.Qf2 h4 20.Rb1 g5 21.gxh4 gxh4 22.f4 Kh8
23.h3 Rg8 24.Bc3 Bh5 25.Be1 Rg3 26.Qd2 Rg6 27.Kh2 Rag8 28.Bh1 Kh7 29.Qf2 Qg7
30.Rb2 Rg3 31.Bg2 Bg4 32.Qd2 Bxh3 33.Bxh3 Ng4+ 34.Bxg4 Qxg4  0-1

[Event "North Bay op"]
[Site "North Bay"]
[Date "1998.08.09"]
[Round "9"]
[White "Campbell, Brett"]
[Black "Charest, Johanne"]
[Result "1/2-1/2"]
[WhiteElo "2200"]
[BlackElo "2110"]

1.c4 e6 2.Nf3 d5 3.d4 c5 4.cxd5 exd5 5.Nc3 cxd4 6.Nxd4 Nc6 7.g3 Nf6 8.Bg2 Be7
9.O-O O-O 10.e3 Re8 11.Qb3 Bc5 12.Rd1 Nxd4 13.exd4 Bxd4 14.Bxd5 Nxd5 15.Qxd5 Qxd5  1/2-1/2

[Event "Cancan Veterans-Women"]
[Site "Roquebrune"]
[Date "1998.09.18"]
[Round "11"]
[White "Portisch, Lajos"]
[Black "Ioseliani, Nana"]
[Result "1/2-1/2"]
[WhiteElo "2595"]
[BlackElo "2495"]

1.c4 e6 2.Nf3 d5 3.d4 Nf6 4.g3 Bb4+ 5.Bd2 Be7 6.Bg2 O-O 7.O-O c6 8.Qc2 b6
9.Bf4 Bb7 10.Nbd2 Nh5 11.Be3 Nd7 12.Rad1 Nhf6 13.Bf4 Nh5 14.Ne5 Nxf4 15.gxf4 Rc8
16.Qb3 f6 17.Nd3 f5 18.Rc1 Nf6 19.Ne5 c5 20.dxc5 Bxc5 21.cxd5 Bxd5 22.Bxd5 Qxd5
23.Rfd1 Bd4 24.Nd3 Ne4 25.Qxd5 exd5 26.Nf3 Bf6 27.Nde5 Rxc1 28.Rxc1 Nc5 29.b4 Ne6
30.Nd3 Re8 31.Rc6 h6 32.Rd6 d4 33.a4 Kf8 34.a5 Ke7 35.Rc6 bxa5 36.bxa5 Ra8
37.h4 Nd8 38.Rc5 Ke6 39.a6 Rb8 40.Rc7 Kd6 41.Rxa7 Nc6 42.Rb7 Rxb7 43.axb7 Kc7
44.Nc5 Kb6 45.Nd7+  1/2-1/2

[Event "Elista ol (Men)"]
[Site "Elista"]
[Date "1998.10.07"]
[Round "9"]
[White "Zagorskis, Darius"]
[Black "Vera, Reynaldo"]
[Result "0-1"]
[WhiteElo "2510"]
[BlackElo "2530"]

1.c4 e6 2.Nf3 d5 3.d4 Nf6 4.Nc3 c6 5.Bg5 dxc4 6.e4 b5 7.e5 h6 8.Bh4 g5 9.Nxg5 Nd5
10.Nxf7 Qxh4 11.Nxh8 Bb4 12.Rc1 c5 13.dxc5 Nd7 14.Be2 Nxe5 15.O-O Bb7 16.Bh5+ Ke7
17.Nxd5+ Bxd5 18.f4 Bxc5+ 19.Kh1 Rg8 20.Rc2 Nd3 21.Ng6+ Rxg6 22.Bxg6 Nxf4
23.Rxf4 Qxf4 24.Bh5 Be4 25.Rc3 Bd4 26.Rg3 Bxb2 27.Rg8 Qc1 28.Rg7+ Kf6 29.Rxa7 c3
30.Qxc1 Bxc1 31.Bd1 Bf4 32.Ra5 c2 33.Bxc2 Bxc2 34.Rxb5 e5 35.Rb2 Bd3 36.g3 Be3
37.Kg2 e4 38.a4 Bd4 39.Ra2 Ke5 40.a5 Bc4 41.Ra4 Ba6 42.Ra2 Bc3 43.Ra4 Bd2
44.Kf2 Bb5 45.Ra3 Kd4  0-1

[Event "Elista ol (Men)"]
[Site "Elista"]
[Date "1998.10.09"]
[Round "10"]
[White "Popchev, Milko"]
[Black "Gyimesi, Zoltan"]
[Result "1-0"]
[WhiteElo "2495"]
[BlackElo "2525"]

1.c4 e6 2.Nf3 d5 3.b3 Be7 4.g3 Bf6 5.d4 dxc4 6.Bb2 c5 7.Bg2 Nc6 8.Nbd2 cxd4
9.Nxc4 Nge7 10.O-O O-O 11.Nfd2 g6 12.Rc1 Bg7 13.Ne4 Rb8 14.a4 e5 15.Ba3 Be6
16.b4 Bxc4 17.Rxc4 b5 18.axb5 Rxb5 19.Qa4 a6 20.Qxa6 Rb6 21.Qa4 Qa8 22.Nc5 Rfb8
23.Rb1 Rb5 24.Qxa8 Rxa8 25.Bc1 h6 26.Nd3 Ra6 27.f4 Kh7 28.Rc5 Rab6 29.Bd2 f5
30.Rxb5 Rxb5 31.fxe5 Nxe5 32.Rc1 Nxd3 33.exd3 Be5 34.Ra1 Bd6 35.Ra6 Bb8 36.Re6 Nc8
37.Re8 Nd6 38.Re7+ Kg8 39.Bc6 Rb6 40.Bd5+ Kf8 41.Rh7 h5 42.Bg5 Nb5 43.Be7+ Ke8
44.Bc5  1-0

[Event "Elista ol (Men)"]
[Site "Elista"]
[Date "1998.10.11"]
[Round "12"]
[White "Grant, Jonathan"]
[Black "Aponte, Argimiro"]
[Result "1/2-1/2"]
[WhiteElo "2255"]
[BlackElo "2220"]

1.c4 e6 2.Nf3 d5 3.b3 Nf6 4.g3 Be7 5.Bg2 O-O 6.O-O b6 7.Bb2 Bb7 8.e3 c5 9.Qe2 Nbd7
10.Nc3 Rc8 11.Rac1 Qc7 12.Rfd1 Qb8 13.cxd5 Nxd5 14.Nxd5 Bxd5 15.e4 Bb7 16.d4 cxd4
17.Nxd4 Nf6 18.e5 Nd5 19.h4 Rxc1 20.Rxc1 Rc8 21.Rxc8+ Qxc8 22.Qc4 Qd7 23.a3 a6
24.Qc2 b5 25.b4 Nb6 26.Bxb7 Qxb7 27.Qc6 Qxc6 28.Nxc6 Kf8 29.f4 Nc4 30.Bc1 Ke8
31.h5 Kd7 32.Nd4 Bd8 33.Kg2 Bb6 34.Nb3 Kc6 35.Kf3 Kd5 36.g4 a5 37.bxa5 Bxa5
38.Nxa5 Nxa5 39.Bd2 Nb3 40.Bb4 Kd4 41.Bd6 Nd2+ 42.Ke2 Nc4 43.Kf3 g6 44.hxg6 hxg6
45.Be7 Nb6 46.Bd6 Nd5 47.Bb8 Ne7 48.Bd6 Nc6 49.Bc7 g5 50.Bd6 Kd3 51.fxg5 Nd4+
52.Kf4 Ne2+ 53.Kf3 Nd4+ 54.Kf4 Ne2+ 55.Kf3 Nc3 56.Kf4 Nd5+ 57.Kg3 Ke4 58.Kh4 Nf4
59.Bb8 Kd4 60.Bd6 Ke4 61.Bb8 Kd4 62.Bd6 Ke4  1/2-1/2

[Event "Bourbon Lancy op"]
[Site "Bourbon Lancy"]
[Date "1998.10.30"]
[Round "8"]
[White "Landenbergue, Claude"]
[Black "Sonntag, Hans Hubert"]
[Result "1-0"]
[WhiteElo "2410"]
[BlackElo "2365"]

1.c4 e6 2.Nf3 d5 3.g3 Nf6 4.Bg2 Be7 5.O-O O-O 6.b3 c5 7.e3 Nc6 8.Bb2 d4 9.exd4 cxd4
10.Re1 Ne8 11.d3 f6 12.a3 a5 13.Nbd2 e5 14.Nh4 g5 15.Bd5+ Kg7 16.Ng2 Bd6
17.f4 Bf5 18.Ne4 Nc7 19.fxg5 fxg5 20.Bc1 Be7 21.Bxc6 bxc6 22.Bd2 Na6 23.Qe2 c5
24.Nf2 Bd6 25.Ne4 Be7 26.Rf1 Qb6 27.Bxg5 Bxg5 28.Nxg5 Rae8 29.Nh4 Bg6 30.Rxf8 Kxf8
31.Rf1+ Kg8 32.Qf3 Nc7 33.Ne4 Bxe4 34.Qxe4 Qh6 35.Nf5 Qe6 36.Qh4 Kh8 37.Nh6 e4
38.Nf7+ Kg7 39.Ng5 Qg6 40.Nxe4 Ne6 41.Rf6  1-0

[Event "SLO-chT"]
[Site "Bled"]
[Date "1998.11.12"]
[Round "6"]
[White "Mohr, Georg"]
[Black "Pavasovic, Dusko"]
[Result "1/2-1/2"]
[WhiteElo "2470"]
[BlackElo "2475"]

1.c4 e6 2.Nf3 d5 3.b3 c6 4.e3 Nf6 5.Nc3 Nbd7 6.Qc2 Bd6 7.h3 a6 8.g4 h6 9.Rg1 b6
10.h4 Bb7 11.g5 Ng8 12.cxd5 cxd5 13.Nd4 hxg5 14.hxg5 Nf8 15.b4 Ne7 16.f4 Qc7
17.Qa4+ b5 18.Qb3 e5 19.fxe5 Bxe5 20.Nce2 Ne6 21.Bb2 Rh5 22.g6 Ng5 23.gxf7+ Kxf7
24.Rc1 Qd6 25.Bg2 Rc8 26.Rxc8 Bxc8 27.Nf4 Bxf4 28.exf4 Be6 29.Bc3 Rh4 30.Nxe6  1/2-1/2